000
00317nam a2200133Ia 4500
082
_a
611
_b
L2001S
100
_a
CHUMMY S.SINNATAMBY
245
_a
LAST'S ANATOMY : REGIONAL AND APPLIED
250
_a
10TH
260
_b
CHURCHILL LIVINGSTONE
_a
EDINBURGH
_c
2001
300
_a
1-539
650
_a
ANATOMY
942
_2
ddc
_c
BK
999
_c
2578
_d
2578